00230nam a2200109Ia 4500008004100000100001600041245001700057260000800074260000900082546001200091999001700103170619s9999 xx 000 0 und d aGanesan- V. 0aGas Turbines bTMH c2011 aENGLISH c20545d20545